Classifica Marcatori Wolfsburg All-Time - Statistics

Statistiche generali
  • Questo quiz è stato fatto 4 volte
  • Il punteggio medio è 2 su 10
Statistiche sulle risposte
Gol Nazione Calciatore % Corretto
85 Bosnia ed Erzegovina Edin Dzeko
100%
75 Brasile Grafite
75%
71 Argentina Diego Klimowicz
0%
111 Germania Frank Plagge
0%
70 Germania Hans Kircher
0%
69 Germania Matthias Fiebich
0%
123 Germania Olaf Ansorge
0%
95 Germania Siegfried Reich
0%
69 Germania Wilfried Kemmer
0%
70 Paesi Bassi Wout Weghorst
0%
Nessun quiz corrispondente trovato
Distribuzione punteggi
Percentuale di utenti per punteggio
Percentile per numero di risposta
I tuoi punteggi nel tempo
Non hai fatto questo quiz